000 00517nam a2200181Ia 4500
999 _c31982
_d31982
003 OSt
005 20200728131904.0
008 190216s9999||||xx |||||||||||||| ||und||
020 _a8171418449
040 _coclc
082 _a515.33
_bSHA/T
100 _aSharma, A K
_93829
245 0 _aText Book Differential Calculas /
_cA K Sharma
260 _bDiscovery Publishing House,
_aDelhi:
_c2004.
300 _a563p
650 _aMathematics
942 _cBK
_2ddc
_h515.33
_iSHA/T
_k515.33
_mSHA/T